000 00613nam a2200205Ia 4500
005 20250508151057.0
008 008 250505s9999 xx 000 0 eng d
037 _aTextBook
040 _aFEDL
_beng
_cFEDL
041 _aeng
_2eng
084 _a150, CAT
_qFEDL
100 _aCattell Raymond B
245 0 _aOur mind and mine : An account of psychology for the inquiring layman and the prospective student
260 _aLondon, UK
_bGeorge G. Harrap and Co. Ltd
_c1934
300 _a314p.
365 _aINR
_b7.14
650 _aPsychology
942 _cTB
_h150, CAT
999 _c1327451
_d1327451